| 000 | 00445nam a22001697a 4500 | ||
|---|---|---|---|
| 005 | 20160520095623.0 | ||
| 008 | 160520b xxu||||| |||| 00| 0 eng d | ||
| 020 | _a978-81-775-8123-2 | ||
| 041 | _aeng | ||
| 082 | _b3370 | ||
| 100 |
_aShames I, H & Rao, G.K.H. _9843 |
||
| 245 | _aEngineering Mechanics Statics and Dynamics | ||
| 260 |
_aDelhi _bPearson Education, _c2006 |
||
| 300 | _a839 | ||
| 650 |
_aDIPLOMA ENGINEERING _9817 |
||
| 942 | _cBK | ||
| 999 |
_c1156 _d1156 |
||